Mujabid-e-Tibb (Record no. 80049)

MARC details
000 -LEADER
fixed length control field 00480nam a22001697a 4500
005 - DATE AND TIME OF LATEST TRANSACTION
control field 20131015164519.0
010 ## - LCCN (DPL NO)
LC control number G-2239
020 ## - INTERNATIONAL STANDARD BOOK NUMBER
Terms of availability 500.00
035 ## - SYSTEM CONTROL NUMBER
System control number G-2239
037 ## - SOURCE OF ACQUISITION
Stock number DPL
245 ## - TITLE STATEMENT
Title Mujabid-e-Tibb
Remainder of title Hakim Mohammed Abdur Razzack/
260 ## - PUBLICATION, DISTRIBUTION, ETC. (IMPRINT)
Place of publication, distribution, etc N.Delhi
Name of publisher, distributor, etc Hakim Mohammed Abdur Razzack
270 ## - ADDRESS
Address C-1 GF.,Nizamuddin East,
City New Delhi
300 ## - PHYSICAL DESCRIPTION
Extent vp
Other physical details col.ill
Dimensions 24cm(pbk)
942 ## - ADDED ENTRY ELEMENTS (KOHA)
Source of classification or shelving scheme Dewey Decimal Classification
Item type English Books
Edition 2010
Classification part 920
Call number suffix MUJ
Holdings
Withdrawn status Lost status Not for loan Collection code Home library Current library Date acquired Cost, normal purchase price Full call number Barcode Copy number Cost, replacement price Koha item type
      Non-fiction Central Library Central Library 15/10/2013 500.00 615.53 MUJ G-2236 1 500.00 English Books
      Non-fiction Karol Bagh Karol Bagh 15/10/2013 500.00 615.53 MUJ G-2239 1 500.00 English Books
      Non-fiction Patel Nagar Patel Nagar 15/10/2013 500.00 615.53 MUJ G-2238 1 500.00 English Books
      Non-fiction Sarojini Nagar Sarojini Nagar 15/10/2013 500.00 615.53 MUJ G-2237 1 500.00 English Books

© Delhi Public Library
Hit Counter
free hit counter